Sports Quiz

Random Sports or Football Quiz

Mike Sheahan's Top 50 AFL Footballers 2004 Quiz Stats

Quiz not verified by Sporcle

Challenge
Share
Tweet
Embed
Score 0/50 Timer 15:00
0 Plays Today
Rank Player % Correct
5James Hird
95.3%
2Adam Goodes
93%
3Matthew Lloyd
93%
1Nathan Buckley
90.7%
4Jonathan Brown
90.7%
35Nathan Brown
90.7%
7Warren Tredrea
88.4%
9Matthew Pavlich
86%
28Chris Judd
86%
6Simon Black
81.4%
14Ben Cousins
81.4%
16Jason Akermanis
81.4%
39Alastair Lynch
79.1%
48Chad Cornes
79.1%
8Shane Crawford
76.7%
10Barry Hall
76.7%
49Matthew Richardson
76.7%
13Mark Ricciuto
74.4%
19Brad Johnson
74.4%
20Chris Johnson
74.4%
22Andrew McLeod
74.4%
40Jason Johnson
74.4%
31Nick Riewoldt
72.1%
26Brent Harvey
69.8%
38Robert Harvey
69.8%
Rank Player % Correct
12Nigel Lappin
67.4%
17Lenny Hayes
62.8%
32Dustin Fletcher
62.8%
27Luke Power
58.1%
33Anthony Rocca
58.1%
18Justin Leppitsch
55.8%
45Scott Lucas
55.8%
23Matthew Primus
53.5%
25Mal Michael
53.5%
30David Neitz
53.5%
34Gavin Wanganeen
53.5%
24Matthew Scarlett
51.2%
21Chris Tarrant
48.8%
36Peter Bell
46.5%
42Brendan Fevola
46.5%
15Brad Ottens
44.2%
50Leo Barry
44.2%
41Brett Kirk
41.9%
46Luke Darcy
41.9%
11Michael Gardiner
39.5%
37Cameron Ling
39.5%
29Peter Everitt
34.9%
43Paul Hasleby
32.6%
47Mark Coughlan
23.3%
44Aaron Hamill
20.9%

You're not logged in!

Compare scores with friends on all Sporcle quizzes.
Join for Free
OR
Log In

You Might Also Like...

Show Comments

Extras

Top Quizzes Today


Score Distribution

Your Account Isn't Verified!

In order to create a playlist on Sporcle, you need to verify the email address you used during registration. Go to your Sporcle Settings to finish the process.

Report this User

Report this user for behavior that violates our Community Guidelines.

Details: